|
|
|
|
| LEADER |
00000nam1a2200000 4500 |
| 001 |
67864 |
| 005 |
20231031074217.0 |
| 035 |
|
|
|a (RuTPU)RU\TPU\book\72259
|
| 090 |
|
|
|a 67864
|
| 100 |
|
|
|a 20040927d2003 m y0rusy50 ca
|
| 101 |
0 |
|
|a rus
|
| 102 |
|
|
|a RU
|
| 200 |
1 |
|
|a Общая физика: задачи и их решение
|e учебное пособие
|f Л. П. Китаева, А. И. Потекаев
|g Томский государственный университет. Физический факультет
|
| 210 |
|
|
|a Томск
|c Изд-во НТЛ
|d 2003
|
| 225 |
1 |
|
|a Учебники Томского университета
|
| 700 |
|
1 |
|a Китаева
|b Л. П.
|g Людмила Петровна
|
| 701 |
|
1 |
|a Потекаев
|b А. И.
|g Александр Иванович
|
| 712 |
0 |
2 |
|a Томский государственный университет
|b Физический факультет
|2 stltpush
|3 (RuTPU)RU\TPU\col\397
|
| 801 |
|
1 |
|a RU
|b 63413507
|c 20040927
|g PSBO
|
| 801 |
|
2 |
|a RU
|b 63413507
|c 20040927
|g PSBO
|
| 942 |
|
|
|c BK
|